| 000 | 00594nam a2200205 i 4500 | ||
|---|---|---|---|
| 001 | bgj | ||
| 100 | 1 |
_aSAUVE, Virginia [Louise] _d(1946- ) |
|
| 245 | 1 | 0 |
_aGateway to Canada / _cVirginia L. Sauve ; Monique Sauve. |
| 260 |
_aToronto : _bOxford University Press, _cc. 1997. |
||
| 300 |
_aVII, 280 pp : _bill. ; _c26 cm. |
||
| 505 | _aIncludes index. | ||
| 651 | 9 |
_aCanada _xSocial life and culture |
|
| 655 | _aProblems, excercises, etc. | ||
| 020 | _a0195411528 | ||
| 040 | _cBPK | ||
| 041 | 0 | _aeng | |
| 920 | _a0-19-541152-8 | ||
| 942 | _cKS | ||
| 008 | s uk f |000 0 eng | ||
| 999 |
_c48904 _d48904 |
||
| 856 |
_uhttp://koha.tu.koszalin.pl/cgi-bin/koha/opac-detail.pl?biblionumber=48904 _yKatalog online BPK |
||